• 首页
  • 本馆介绍
  • 公告通知
  • 最新文献
  • 馆藏检索
  • 电子资源
  • 读者导购
  • 参考咨询
  • 我的图书馆
  • 登录
  • 详细信息显示
  • 放入我的书架
  • 预约/预借图书
  • 作者相关作品
  • 分类相关作品
  • 丛书相关作品
  • 出版社相关作品

书目信息

  • 表格格式
  • 工作单格式
  • 卡片格式
题名:
白话左传
    
 
作者: 左丘明 原著 ;冯作民 译
分册:  
出版信息: 长沙   岳麓出版社  1989.1
页数: 559页
开本: 19厘米
丛书名: 古典名著今译读本
单 册:
中图分类: K225.04
科图分类:
主题词: 中国--古代史--奴隶社会
电子资源:
ISBN: 7-80520-135-8
000 00803nam2 2200277 45
001 0189013956
005 20040430150207.0
010    @a7-80520-135-8@b精装@dCNY5.20
020    @aCN@b89013956
100    @a19910304d1988 m y0chiy0120 ea
101 0  @achi
102    @aCN@b430000
105    @ay z 000yy
106    @ar
200 10 @a白话左传@Abai hua zuo zhuan@f(春秋)左丘明原著@F( chun qiu ) zuo qiu ming yuan zhu@g冯作民译
210    @a长沙@c岳麓出版社@d1989.1
215    @a559页@d19厘米
225 2  @a古典名著今译读本
410  0 @120010@a古典名著今译读本
605    @a左传@x译文
606 0  @a中国@x古代史@x奴隶社会
690    @aK225.04
701  0 @a左丘明@Azuo qiu ming@4原著
702  0 @a冯作民@Afeng zuo min@4译
801  0 @aCN@bNLC@c19910304
905    @f2@b258602-603@dK225.04@e17
    
    白话左传/(春秋)左丘明原著/冯作民译.-长沙:岳麓出版社,1989.1
    559页;19厘米.-(古典名著今译读本)
    
    
    ISBN 7-80520-135-8(精装):CNY5.20
    
●
相关链接 在E读中查询图书 在五车中查询图书 在当当中查询图书 在豆瓣中查询图书


正题名:白话左传     索取号:K225.04/17         预约/预借

序号 登录号 条形码 馆藏地/架位号 状态 备注
1 0258601   001281874   第二样本阅览室/ [索取号:K225.04/17] 在馆    
2 0258602   001281909   第二借阅区/ [索取号:K225.04/17] 在馆    
3 0258603   001281892   第二借阅区/ [索取号:K225.04/17] 在馆    
唐山师范学院图书馆 欢迎您!
大连网信软件有限公司© 版权所有